| 000 | 00779nam a22001937a 4500 | ||
|---|---|---|---|
| 999 |
_c19353 _d19353 |
||
| 003 | AR-CdUCM | ||
| 008 | 190517b ||||| |||| 00| 0 spa d | ||
| 040 |
_aMUNICIPALIDAD PROVINCIAL DEL CUSCO _cBIBLIOTECA MUNICIPAL DEL CUSCO |
||
| 082 |
_a620.8 / _bP26 |
||
| 100 |
_aParker, Harry _919751 |
||
| 245 | _aDiseƱo simplificado de estructuras de madera / | ||
| 260 |
_aMexico : _bCentro regional de ayuda tecnica, _c1972. |
||
| 300 |
_a294 paginas ; _c24 cm. |
||
| 505 | _aContenido: Esfuerzos unitarios -- Esfuerzos de trabajo para madera estructural -- Propiedades de las secciones -- Momentos flexionantes y fuerzas cortantes -- Esfuerzos cortantes en las vigas ... | ||
| 650 |
_aMadera _91244 |
||
| 650 |
_aBiologia _9881 |
||
| 942 |
_2ddc _cLIBROS |
||
| 945 |
_apjha _d2019-05-17 |
||